Физическая подготовка футболистов (Запись № 6219447)

Подробности
000 -МАРКЕР
контрольное поле 01516nam0a22003251 4500
001 - ИДЕНТИФИКАТОР ЗАПИСИ
контрольное поле rc\3193178
005 - ИДЕНТИФИКАТОР ВЕРСИИ
контрольное поле 20250530100611.0
021 ## - НОМЕР ГОСУДАРСТВЕННОЙ РЕГИСТРАЦИИ
Код страны Российская Федерация
Номер [77-3187]
035 ## - ДРУГИЕ СИСТЕМНЫЕ НОМЕРА
Идентификатор записи (NLR Aleph) 007352070
100 ## - ДАННЫЕ ОБЩЕЙ ОБРАБОТКИ
Данные общей обработки 20120628d1976 |||y0rusy50 ca
101 1# - ЯЗЫК РЕСУРСА
Язык текста, звукозаписи и т.д. русский
Язык оригинала немецкий
102 ## - СТРАНА ПУБЛИКАЦИИ ИЛИ ПРОИЗВОДСТВА
Страна публикации Российская Федерация
105 ## - ПОЛЕ КОДИРОВАННЫХ ДАННЫХ: ТЕКСТОВЫЕ МАТЕРИАЛЫ, МОНОГРАФИЧЕСКИЕ
Кодированные данные о монографическом текстовом документе a z |||||
200 1# - ЗАГЛАВИЕ И СВЕДЕНИЯ ОБ ОТВЕТСТВЕННОСТИ
Основное заглавие Физическая подготовка футболистов
Сведения, относящиеся к заглавию (Пер. с нем.)
Первые сведения об ответственности К. Гриндлер, Х. Пальке, Х. Хеммо
210 ## - ПУБЛИКАЦИЯ, РАСПРОСТРАНЕНИЕ И ДР.
Место издания, распространения и т.д. Москва
Имя издателя, распространителя и т. д. Физкультура и спорт
Дата издания, распространения и т.д. 1976
215 ## - ФИЗИЧЕСКАЯ ХАРАКТЕРИСТИКА
Специфическое обозначение материала и объем 231 с.
Другие сведения о физической характеристике ил.
Размеры 20
311 ## - ПРИМЕЧАНИЯ, ОТНОСЯЩИЕСЯ К ПОЛЯМ СВЯЗИ (ПРИМЕЧАНИЯ О СВЯЗИ С ДРУГИМИ ПРОИЗВЕДЕНИЯМИ (ИЗДАНИЯМИ))
Текст примечания Перевод изд.: Fussball-praxiskonditionstraining / Karlheinz Grindler, Herbert Pahlke, Harry Hemmo (Stuttgart, 1973)
454 #0 - ОРИГИНАЛ (ПЕРЕВОДА)
Встроенное поле 2001#$aFussball-praxiskonditionstraining$fKarlheinz Grindler, Herbert Pahlke, Harry Hemmo
-- 210##$aStuttgart$d1973
-- 700#1$aGrindler$bK.$gKarlheinz
-- 701#1$aPahlke$bH.$gHerbert
-- 701#1$aHemmo$bH.$gHarry
Заглавие Fussball-praxiskonditionstraining
Автор Grindler, Karlheinz
606 ## - НАИМЕНОВАНИЕ ТЕМЫ КАК ПРЕДМЕТ
Наименование темы Футболисты
Тематический подзаголовок Физическая подготовка
Системный номер авторитетной/нормативной записи 1870277
Идентификатор авторитетной/нормативной записи RU\NLR\AUTH\661139923
606 1# - НАИМЕНОВАНИЕ ТЕМЫ КАК ПРЕДМЕТ
Наименование темы Футбол
Тематический подзаголовок Физическая подготовка
Системный номер авторитетной/нормативной записи 2296657
Идентификатор авторитетной/нормативной записи RU\NLR\AUTH\6601602148
700 #1 - ИМЯ ЛИЦА - ПЕРВИЧНАЯ ОТВЕТСТВЕННОСТЬ
Начальный элемент ввода Гриндлер
Часть имени, кроме начального элемента ввода К.
Расширение инициалов личного имени Карлхейнц
701 #1 - ИМЯ ЛИЦА - АЛЬТЕРНАТИВНАЯ ОТВЕТСТВЕННОСТЬ
Начальный элемент ввода Пальке
Часть имени, кроме начального элемента ввода Х.
Расширение инициалов личного имени Херберт
701 #1 - ИМЯ ЛИЦА - АЛЬТЕРНАТИВНАЯ ОТВЕТСТВЕННОСТЬ
Начальный элемент ввода Хеммо
Часть имени, кроме начального элемента ввода Х.
Расширение инициалов личного имени Харри
801 #0 - ИСТОЧНИК ЗАПИСИ
Страна Российская Федерация
Организация NLR
Правила каталогизации psbo
801 #1 - ИСТОЧНИК ЗАПИСИ
Страна Российская Федерация
Организация ELAR
Источник данных rusmarc
852 ## - МЕСТОНАХОЖДЕНИЕ И ШИФР ХРАНЕНИЯ
Идентификатор организации NLR
Шифр хранения (Call Number) 77-3/5543
942 ## - ДОПОЛНИТЕЛЬНЫЕ ЭЛЕМЕНТЫ ЗАПИСИ (АБИС)
Тип экземпляра АБИС Книга
980 ## - КОЛЛЕКЦИЯ
Название коллекции Национальная библиография
Экземпляры
Тип экземпляра Дата поступления Библиотека постоянного хранения Библиотека текущего хранения Место хранения Шифр хранения Штрих-код Статус экземпляра
Книга 26.10.2013 РНБ (Московский) РНБ (Московский) Русский книжный фонд: издания с 1957 года 77-3/5543 1-2346845